00688 2200229 4500001002100000005001500021035002000036008004100056245014000097100001100237250001000248260003300258300003500291020002200326084001600348082001000364650002800374700000900402504002500411990001100436990001100447INLIS00000000001174120220617034444 a0010-0622000251220617 g 0 ind 1 aIndonesia Mendunia :bNegara Maritim Terbesar di Dunia, Suku Bangsa Terbanyak di Dunia, dan Keajaiban yang Lain /cIsmadi; editor, Maya aISMADI acet.1 aYogyakarta :bRainbow,c2017 aiv, 43 hal. :bilus. ;c20 cm. a978-979-29-6199-7 a741.5 ISM i a741.5 4aCERITA BERGAMBAR. KOMIK0 aMAYA aBibliografi : hal.43 a7628 a a7628 b